000 00589nam a2200241Ia 4500
003 OSt
005 20221005123814.0
006 a|||||r|||| 00| 0
007 ta
008 221004b |||||||| |||| 00| 0 tam d
024 _a52754
037 _cTextual
040 _aCRL
_cCRL
_btam
041 _2tam
_atam
082 _aO31,1(Y:351)x, L5
100 _aMakveen Au.
_9634246
245 0 _aMalaiyaruvi
260 _c1975
650 _a TAMIL POETRY
650 _aSOCIOLOGY
942 _hO31,1(Y:351)x, L5
_cTEXL
_2cc
999 _c1048536
_d1048536